| 000 | 00585cab a2200217 4500 | ||
|---|---|---|---|
| 001 | X97802 | ||
| 008 | 090401t1999 xxu||||| |||| 00| 0 eng d | ||
| 035 | _a(Sirsi) u92484 | ||
| 041 | _aeng | ||
| 245 | _aCampbell v Sanctuary Housing | ||
| 260 | _c1999 | ||
| 350 | _a0 | ||
| 490 |
_aNew Property Cases _v[1999] 39 NPC (18/03/99) |
||
| 650 | _aCAMPBELL V SANCTUARY HOUSING | ||
| 650 | _aFAMILY LAW ACT 1996 | ||
| 650 | _aMATRIMONIAL HOMES ACT 1983 | ||
| 650 | _aSURRENDER | ||
| 690 | _aLANDLORD AND TENANT-CASE LAW-RESIDENTIAL TENANCIES | ||
| 942 | _n0 | ||
| 948 | _c01/04/1999 | ||
| 999 |
_c58632 _d58632 |
||